| 000 | 03833nam a2200313 4500 | ||
|---|---|---|---|
| 003 | EC-UNACH | ||
| 005 | 20251006092650.0 | ||
| 006 | s||||gr|||| 00| 00 | ||
| 008 | 150116t9999 mx r gr 000 0 spa d | ||
| 020 | _a978-958-648-797-9 | ||
| 040 |
_aEC-UNACH _cEC-UNACH |
||
| 041 | _aspa | ||
| 082 | 0 | 4 |
_223 _a657.3 _bL012902 |
| 110 | _aECOE EDICIONES | ||
| 245 |
_aEstados financieros : _bNormas para preparación y presentación |
||
| 250 | _aPrimera edición | ||
| 264 |
_aBogotá - Colombia _bECOE EDICIONES _c2008 |
||
| 300 |
_a315 páginas _bCuadros, Tablas |
||
| 505 | _aContenido general -- Presentación -- Capítulo 1. Estados financieros -- 1. Concepto -- 2. Objetivos de los estados financieros -- 3. Cualidades de la información contable -- 4. Importancia de la información financiera -- 5. Información no revelable -- 6. Usuarios de la información contable -- 7. Limitaciones en el uso de la información financiera -- Cuestionario -- Preguntas tipo Ecaes -- Capítulo 2. Clasificación de los estados financieros -- 1. Clasificación 2. Estados financieros de propósito general -- 3. Estados financieros básicos -- 4. Estados financieros consolidados -- 4.1. En las normas contables colombianas -- 4.2. En las normas fiscales colombianas -- 5. Estados financieros de propósito especial -- 6. Políticas contables y estados financieros -- 7. Normas contables aplicables a los estados financieros -- 8. Efectos contables y jurídicos cuando se realizan cortes semestrales -- 9. Estados financieros según la Superintendencia de Valores -- 10. Normas comunes a todos los estados financieros -- Cuestionario -- Preguntas tipo Ecaes Capítulo 3. Estados financieros comparativos -- 1. Concepto -- 2. Estados financieros comparativos para entidades vigiladas por la Superintendencia Bancaria (hoy Financiera) -- Cuestionario -- Preguntas tipo Ecaes -- Capítulo 4. Estados financieros certificados y dictaminados -- 1. Estados financieros certificados -- 1.1. Precisiones de la Junta Central de Contadores -- 1.2. Precisiones de la Superintendencia de Sociedades -- 1.3. Precisiones del Consejo Técnico de la Contaduría Pública -- 1.4. Modelo de certificación de estados financieros -- 2. Estados financieros dictaminados 2.1. Concepto de la Superintendencia de Sociedades -- 2.2. Concepto del Consejo Técnico de la Contaduría Pública -- 3. Diferencias entre certificación y dictamen -- Cuestionario -- Preguntas tipo Ecaes -- Capítulo 5. Otras características de los estados financieros -- 1. Autenticidad de los estados financieros y de los dictámenes -- 2. Rectificación de los estados financieros -- 2.1. La rectificación de estados financieros según la Superintendencia de Sociedades -- 2.2. Responsables de la corrección de estados financieros -- 3. Publicidad de los estados financieros -- 3.1. Norma comercial 3.2. Reglamentación de la Superintendencia de Industria y Comercio -- 4. Ausencia de estados financieros -- 5. Responsabilidad penal -- 6. Expedición de reglamentos -- 7. Rendición de cuentas -- 7.1. Rendición de cuentas -- 7.2. Rendición de cuentas al fin de ejercicio -- 7.3. Informe de gestión -- 7.4. Aprobación del informe de gestión -- 8. Derecho de inspección -- 9. Notas a los estados financieros y normas de preparación -- 9.1. Notas a los estados financieros -- 9.1.1. En Colombia 9.1.2. En la NIC 1 -- 9.2. Estructura y contenido de los estados financieros -- 9.2.1. En las NIC -- | ||
| 650 | _aNORMAS CONTABLES | ||
| 650 | _aBLANCE INICIAL | ||
| 650 | _aINVENARIO PERIÓDICO | ||
| 650 | _aFLUJOS DE EFECTIVO | ||
| 700 | _aCarvalho, Javier | ||
| 942 |
_2ddc _c1 |
||
| 999 | _c13976 | ||